| 000 | 00409nam a2200157Ia 4500 | ||
|---|---|---|---|
| 008 | 220923s9999 xx 000 0 und d | ||
| 020 | _a978-0-226-28393--7 | ||
| 082 | _bGAR | ||
| 100 | _aGARNER, BAYAN A. | ||
| 245 | 0 | _aLEGAL WRITING IN PLAIN ENGLISH | |
| 250 | _a2ND | ||
| 260 |
_bTHE UNIVERSITY OF CHIKANGO PRESS _c2013 |
||
| 300 | _a268 | ||
| 650 | _aDrafting, Pleading & Conveyancing | ||
| 942 | _cBK | ||
| 999 |
_c195186 _d195186 |
||